Combien de ville du Val d'Oise (95) connais-tu ? - Statistiques

Statistiques générales
  • Ce quiz a été pris 171 fois
  • Le résultat moyen est 32 sur 184
Statistiques - réponses
Code postal Ville % Correct
95010 Cergy
85%
95100 Argenteuil
84%
95018 Sarcelles
80%
95300 Pontoise
78%
95125 Ermont
59%
95600 Eaubonne
57%
95500 Gonesse
56%
95017 Franconville
52%
95160 Montmorency
51%
95143 Garges-lès-Gonesse
50%
95330 Domont
49%
95400 Villiers-le-Bel
49%
95880 Enghien-les-Bains
47%
95190 Goussainville
47%
95150 Taverny
47%
95310 Saint-Ouen-l'Aumône
45%
95170 Deuil-la-Barre
44%
95520 Osny
44%
95110 Sannois
44%
95610 Éragny
43%
95340 Persan
43%
95290 L'Isle-Adam
40%
95230 Soisy-sous-Montmorency
40%
95250 Beauchamp
38%
95370 Montigny-lès-Cormeilles
38%
95240 Cormeilles-en-Parisis
37%
95430 Auvers-sur-Oise
36%
95220 Herblay-sur-Seine
36%
95017 Saint-Gratien
36%
95400 Arnouville
33%
95870 Bezons
33%
95540 Méry-sur-Oise
33%
95480 Pierrelaye
33%
95328 Saint-Leu-la-Forêt
33%
95260 Beaumont-sur-Oise
31%
95460 Ézanville
31%
95420 Magny-en-Vexin
31%
95700 Roissy-en-France
31%
95490 Vauréal
29%
95017 Fosses
28%
95350 Saint-Brice-sous-Forêt
28%
95550 Bessancourt
27%
95440 Écouen
27%
95380 Louvres
27%
95360 Montmagny
27%
95570 Bouffémont
26%
95800 Courdimanche
26%
95410 Groslay
26%
95280 Jouy-le-Moutier
26%
95390 Saint-Prix
26%
95450 Us
25%
95740 Frépillon
22%
95270 Luzarches
22%
95580 Andilly
21%
95630 Mériel
21%
95680 Montlignon
21%
95530 La Frette-sur-Seine
19%
95131 Le Plessis-Bouchard
19%
95580 Margency
19%
95000 Neuville-sur-Oise
19%
95620 Parmain
19%
95640 Marines
17%
95560 Montsoult
17%
95017 Viarmes
17%
95450 Ableiges
16%
95750 Chars
16%
95830 Cormeilles-en-Vexin
16%
95180 Menucourt
16%
95290 Presles
16%
95470 Survilliers
15%
95570 Attainville
14%
95650 Boissy-l'Aillerie
14%
95570 Moisselles
14%
95350 Piscop
14%
95760 Valmondois
14%
95820 Bruyères-sur-Oise
13%
95660 Champagne-sur-Oise
13%
95500 Le Thillay
13%
95270 Asnières-sur-Oise
12%
95560 Baillet-en-France
12%
95560 Chauvry
12%
95300 Ennery
12%
95670 Marly-la-Ville
12%
95650 Puiseux-Pontoise
12%
95470 Vémars
11%
95450 Vigny
11%
95810 Arronville
10%
95340 Bernes-sur-Oise
10%
95470 Saint-Witz
10%
95420 Wy-dit-Joli-Village
10%
95510 Amenucourt
9%
95270 Belloy-en-France
9%
95270 Chaumontel
9%
95810 Grisy-les-Plâtres
9%
95260 Mours
9%
95590 Nointel
9%
95450 Sagy
9%
95270 Saint-Martin-du-Tertre
9%
95000 Boisemont
8%
95500 Bonneuil-en-France
8%
95430 Butry-sur-Oise
8%
95560 Maffliers
8%
95690 Nesles-la-Vallée
8%
95270 Seugy
8%
95510 Aincourt
7%
95450 Avernes
7%
95720 Bouqueval
7%
95190 Fontenay-en-Parisis
7%
95840 Villiers-Adam
7%
95710 Ambleville
6%
95420 Arthies
6%
95420 Banthelu
6%
95710 Bray-et-Lû
6%
95780 La Roche-Guyon
6%
95380 Puiseux-en-France
6%
95770 Saint-Clair-sur-Epte
6%
95810 Vallangoujard
6%
95720 Villiers-le-Sec
6%
95270 Bellefontaine
5%
95640 Bréançon
5%
95420 Charmont
5%
95190 Châtenay-en-France
5%
95710 Chaussy
5%
95510 Chérence
5%
95450 Condécourt
5%
95650 Courcelles-sur-Viosne
5%
95380 Épiais-lès-Louvres
5%
95830 Frémécourt
5%
95690 Frouville
5%
95650 Génicourt
5%
95640 Haravilliers
5%
95690 Hédouville
5%
95300 Hérouville-en-Vexin
5%
95690 Labbeville
5%
95420 La Chapelle-en-Vexin
5%
95640 Le Heaulme
5%
95720 Le Mesnil-Aubry
5%
95300 Livilliers
5%
95450 Longuesse
5%
95850 Mareil-en-France
5%
95650 Montgeroult
5%
95590 Nerville-la-Forêt
5%
95640 Santeuil
5%
95450 Seraincourt
5%
95450 Théméricourt
5%
95810 Theuville
5%
95380 Villeron
5%
95810 Berville
4%
95640 Brignancourt
4%
95770 Buhy
4%
95380 Chennevières-lès-Louvres
4%
95810 Épiais-Rhus
4%
95270 Épinay-Champlâtreux
4%
95420 Genainville
4%
95450 Gouzangrez
4%
95450 Guiry-en-Vexin
4%
95450 Le Perchay
4%
95640 Moussy
4%
95640 Neuilly-en-Vexin
4%
95270 Noisy-sur-Oise
4%
95420 Nucourt
4%
95340 Ronquerolles
4%
95500 Vaudherland
4%
95570 Villaines-sous-Bois
4%
95840 Béthemont-la-Forêt
3%
95420 Cléry-en-Vexin
3%
95450 Commeny
3%
95270 Lassy
3%
95750 Le Bellay-en-Vexin
3%
95720 Le Plessis-Gassot
3%
95420 Omerville
3%
95420 Saint-Gervais
3%
95510 Vétheuil
3%
95510 Villers-en-Arthies
3%
95450 Frémainville
2%
95780 Haute-Isle
2%
95420 Hodent
2%
95850 Jagny-sous-Bois
2%
95270 Le Plessis-Luzarches
2%
95420 Maudétour-en-Vexin
2%
95810 Menouville
2%
95770 Montreuil-sur-Epte
2%
95510 Saint-Cyr-en-Arthies
2%
95510 Vienne-en-Arthies
2%
Aucun quiz correspondant
Distribution des résultats
% des personnes avec chaque résultat
Percentile par nombre de réponses
Votre historique - résultats
Vous n’avez pas pris ce quiz